00442nam a2200181 a 4500001001300000003000900013005001700022008004100039020001000080082001800090100001800108245002500126260003400151300000900185500003500194650001300229700001800242nice12345678IN_TiNIC20260116011823.0070629s1958 hyda grp 000 0 urd  ac10000a297.831bWAJ1 aWajdi, Sayyid aTanqid Jaja-Il-ainan aHyderabadbNo Publisherc1958 a610p aincludes index and biblioraphy aMahdavia1 aWajdi, Sayyid